00258nam a2200109Ia 4500008004100000100002000041245000900061260000900070300003300079440002400112650001200136180117s9999 xx 000 0 und d aby AA Patawaran aWHWN c2017 a18-20 pages, 2017 January 22 aPhilippine Panorama aSTORIES